00401nam a2200145Ia 4500008004100000020001800041041000800059082001700067100002300084245005100107250000600158260005900164300001200223650002000235210716s9999 xx 000 0 und d a9789350236017 aeng a004.602 IGLM aIglesias, Mariano. aCake php 1.3 application development cookbook. a1 aNew DelhibShroff Publishers and Distributors Pvt Ltd aiii,342 aPHP Programming